Contemporary social problems / (Record no. 1453)

000 -LEADER
fixed length control field nam a22 a 4500
005 - DATE AND TIME OF LATEST TRANSACTION
control field 20170509153130.0
008 - FIXED-LENGTH DATA ELEMENTS--GENERAL INFORMATION
fixed length control field 170509b19611976-us||||| |||| 00| 0 eng d
020 ## - INTERNATIONAL STANDARD BOOK NUMBER
International Standard Book Number 015513793X
040 ## - CATALOGING SOURCE
Original cataloging agency AKMAL
082 04 - DEWEY DECIMAL CLASSIFICATION NUMBER
Classification number 305 MER
090 ## - LOCALLY ASSIGNED LC-TYPE CALL NUMBER (OCLC); LOCAL CALL NUMBER (RLIN)
Classification number (OCLC) (R) ; Classification number, CALL (RLIN) (NR) 305
Local cutter number (OCLC) ; Book number/undivided call number, CALL (RLIN) MER
245 00 - TITLE STATEMENT
Title Contemporary social problems /
Statement of responsibility, etc. edited by Robert K. Merton and Robert Nisbet.
250 ## - EDITION STATEMENT
Edition statement 4th ed.
260 ## - PUBLICATION, DISTRIBUTION, ETC.
Place of publication, distribution, etc. New York :
Name of publisher, distributor, etc. Harcourt Brace Jovanovich,
Date of publication, distribution, etc. 1976.
300 ## - PHYSICAL DESCRIPTION
Extent xi, 782 p. :
Other physical details ill. ;
Dimensions 24cm
500 ## - GENERAL NOTE
General note Previous ed. : 1971.
500 ## - GENERAL NOTE
General note Includes index.
599 ## - LOCAL NOTE
Local Note DALAM PROSES
650 #0 - SUBJECT ADDED ENTRY--TOPICAL TERM
Topical term or geographic name entry element Social problems.
9 (RLIN) 2873
651 #0 - SUBJECT ADDED ENTRY--GEOGRAPHIC NAME
Geographic name United States
General subdivision Social conditions
9 (RLIN) 2874
700 1# - ADDED ENTRY--PERSONAL NAME
Personal name Merton, Robert King,
Dates associated with a name 1910-2003.
9 (RLIN) 2833
700 1# - ADDED ENTRY--PERSONAL NAME
Personal name Nisbet, Robert A.
9 (RLIN) 2875
852 4# - LOCATION
Location British Library
Sublocation or collection DSC
852 41 - LOCATION
Location British Library
Sublocation or collection HMNTS
942 ## - ADDED ENTRY ELEMENTS (KOHA)
Source of classification or shelving scheme
Koha item type Book
Holdings
Withdrawn status Lost status Source of classification or shelving scheme Damaged status Not for loan Collection code Home library Current library Shelving location Date acquired Inventory number Total Checkouts Full call number Barcode Date last seen Price effective from Koha item type
          NON-FICTION AKMAL Melaka AKMAL Melaka PINJAMAN 09.05.2017 301490   305 MER 201702735 09.05.2017 09.05.2017 Book
Pusat Sumber Maklumat Dato' Haji Sarmin Md Hussin, Akademi Kastam Diraja Malaysia, Melaka
Tel: 06-2331106 | Faks: 06-2313787